<?xml version="1.0" encoding="UTF-8"?>
<collection xmlns="http://www.loc.gov/MARC21/slim">
 <record>
  <leader>05073cam a2200817   4500</leader>
  <controlfield tag="001">638019206</controlfield>
  <controlfield tag="003">DE-627</controlfield>
  <controlfield tag="005">20241004113241.0</controlfield>
  <controlfield tag="007">tu</controlfield>
  <controlfield tag="008">101027s2011    gw |||||      00| ||ger c</controlfield>
  <datafield tag="015" ind1=" " ind2=" ">
   <subfield code="a">10,N43</subfield>
   <subfield code="2">dnb</subfield>
  </datafield>
  <datafield tag="015" ind1=" " ind2=" ">
   <subfield code="a">10,N43</subfield>
   <subfield code="2">dnb</subfield>
  </datafield>
  <datafield tag="016" ind1="7" ind2=" ">
   <subfield code="a">1007745185</subfield>
   <subfield code="2">DE-101</subfield>
  </datafield>
  <datafield tag="020" ind1=" " ind2=" ">
   <subfield code="a">9783775728140</subfield>
   <subfield code="c">Kart. : ca. EUR 14.80 (DE), ca. EUR 15.20 (AT), ca. sfr 23.90 (freier Pr.)</subfield>
   <subfield code="9">978-3-7757-2814-0</subfield>
  </datafield>
  <datafield tag="024" ind1="3" ind2=" ">
   <subfield code="a">9783775728140</subfield>
  </datafield>
  <datafield tag="035" ind1=" " ind2=" ">
   <subfield code="a">(DE-627)638019206</subfield>
  </datafield>
  <datafield tag="035" ind1=" " ind2=" ">
   <subfield code="a">(DE-576)339947896</subfield>
  </datafield>
  <datafield tag="035" ind1=" " ind2=" ">
   <subfield code="a">(DE-599)DNB1007745185</subfield>
  </datafield>
  <datafield tag="035" ind1=" " ind2=" ">
   <subfield code="a">(OCoLC)846094331</subfield>
  </datafield>
  <datafield tag="035" ind1=" " ind2=" ">
   <subfield code="a">(OCoLC)711809913</subfield>
  </datafield>
  <datafield tag="040" ind1=" " ind2=" ">
   <subfield code="a">DE-627</subfield>
   <subfield code="b">ger</subfield>
   <subfield code="c">DE-627</subfield>
   <subfield code="e">rakwb</subfield>
  </datafield>
  <datafield tag="041" ind1=" " ind2=" ">
   <subfield code="a">ger</subfield>
  </datafield>
  <datafield tag="044" ind1=" " ind2=" ">
   <subfield code="c">XA-DE-BW</subfield>
  </datafield>
  <datafield tag="082" ind1="0" ind2=" ">
   <subfield code="a">700</subfield>
   <subfield code="q">BSZ</subfield>
  </datafield>
  <datafield tag="082" ind1="0" ind2=" ">
   <subfield code="a">702.9</subfield>
  </datafield>
  <datafield tag="082" ind1="0" ind2="4">
   <subfield code="a">700</subfield>
   <subfield code="q">DNB</subfield>
  </datafield>
  <datafield tag="084" ind1=" " ind2=" ">
   <subfield code="a">KU 20</subfield>
   <subfield code="2">sfb</subfield>
  </datafield>
  <datafield tag="084" ind1=" " ind2=" ">
   <subfield code="a">9,10</subfield>
   <subfield code="2">ssgn</subfield>
  </datafield>
  <datafield tag="084" ind1=" " ind2=" ">
   <subfield code="a">LH 60100</subfield>
   <subfield code="2">rvk</subfield>
   <subfield code="0">(DE-625)rvk/94169:</subfield>
  </datafield>
  <datafield tag="084" ind1=" " ind2=" ">
   <subfield code="a">QR 560</subfield>
   <subfield code="2">rvk</subfield>
   <subfield code="0">(DE-625)rvk/142061:</subfield>
  </datafield>
  <datafield tag="084" ind1=" " ind2=" ">
   <subfield code="a">20.14</subfield>
   <subfield code="2">bkl</subfield>
  </datafield>
  <datafield tag="100" ind1="1" ind2=" ">
   <subfield code="a">Boll, Dirk</subfield>
   <subfield code="d">1970-</subfield>
   <subfield code="0">(DE-588)131746235</subfield>
   <subfield code="0">(DE-627)513598251</subfield>
   <subfield code="0">(DE-576)298713039</subfield>
   <subfield code="4">aut</subfield>
  </datafield>
  <datafield tag="245" ind1="1" ind2="0">
   <subfield code="a">Kunst ist käuflich</subfield>
   <subfield code="b">freie Sicht auf den Kunstmarkt</subfield>
   <subfield code="c">Dirk Boll</subfield>
  </datafield>
  <datafield tag="250" ind1=" " ind2=" ">
   <subfield code="a">2., überarb. Aufl.</subfield>
  </datafield>
  <datafield tag="264" ind1=" " ind2="1">
   <subfield code="a">Ostfildern</subfield>
   <subfield code="b">Hatje Cantz</subfield>
   <subfield code="c">2011</subfield>
  </datafield>
  <datafield tag="300" ind1=" " ind2=" ">
   <subfield code="a">215 S.</subfield>
   <subfield code="c">190 mm x 130 mm</subfield>
  </datafield>
  <datafield tag="336" ind1=" " ind2=" ">
   <subfield code="a">Text</subfield>
   <subfield code="b">txt</subfield>
   <subfield code="2">rdacontent</subfield>
  </datafield>
  <datafield tag="337" ind1=" " ind2=" ">
   <subfield code="a">ohne Hilfsmittel zu benutzen</subfield>
   <subfield code="b">n</subfield>
   <subfield code="2">rdamedia</subfield>
  </datafield>
  <datafield tag="338" ind1=" " ind2=" ">
   <subfield code="a">Band</subfield>
   <subfield code="b">nc</subfield>
   <subfield code="2">rdacarrier</subfield>
  </datafield>
  <datafield tag="520" ind1=" " ind2=" ">
   <subfield code="a">Überblick über die Grundlagen und Rahmenbedingungen des Kunstmarkts. (LK/HL: Ittekkot)</subfield>
  </datafield>
  <datafield tag="520" ind1=" " ind2=" ">
   <subfield code="a">Nun als Taschenbuch erscheinende 2. Ausgabe des Buches von D. Boll (vgl. BA 8/09), der als Geschäftsführer beim Auktionshaus Christie's in Zürich über Insiderwissen verfügt, das er sehr sachkundig darlegt. Der Kunstmarkt ist unübersichtlich und immer in Bewegung. Hier werden seine Struktur, die wirtschaftlichen und rechtlichen Rahmenbedingungen von Kunsthandel und Auktionen, der Wert der Kunstware sowie ihre Beschaffungs- und Absatzmärkte klar strukturiert aufgeführt und erläutert. Sachlich, doch nicht trocken dargelegtes Grundlagenwissen für jeden, der sich als Interessent, Käufer oder Verkäufer auf den Kunstmarkt begibt oder über die Pflege persönlicher Sammelleidenschaft hinaus Hinweise für sinnvolles Kunstinvestment sucht. Gegenüber der Vorauflage wurde der Text teilweise gestrafft, einige Unterkapitel wurden hinzugefügt. Weiter breiter einsetzbar, auch neben C. Herstatt: &quot;Fit für den Kunstmarkt&quot; (zuletzt BA 1/07), dessen Focus eher auf Sammlern, Institutionen, Messen und Galerien liegt. Ein Austausch der alten Ausgabe ist nicht notwendig. (2) (LK/HL: Ittekkot)</subfield>
  </datafield>
  <datafield tag="583" ind1="1" ind2=" ">
   <subfield code="a">Archivierung/Langzeitarchivierung gewährleistet</subfield>
   <subfield code="f">PEBW</subfield>
   <subfield code="x">XA-DE-BW</subfield>
   <subfield code="2">pdager</subfield>
   <subfield code="5">DE-24</subfield>
  </datafield>
  <datafield tag="583" ind1="1" ind2=" ">
   <subfield code="a">Archivierung/Langzeitarchivierung gewährleistet</subfield>
   <subfield code="f">SSG</subfield>
   <subfield code="x">XA-DE-BW</subfield>
   <subfield code="2">pdager</subfield>
   <subfield code="5">DE-16</subfield>
  </datafield>
  <datafield tag="689" ind1="0" ind2="0">
   <subfield code="d">s</subfield>
   <subfield code="0">(DE-588)4120630-7</subfield>
   <subfield code="0">(DE-627)105775134</subfield>
   <subfield code="0">(DE-576)20953673X</subfield>
   <subfield code="a">Kunstmarkt</subfield>
   <subfield code="2">gnd</subfield>
  </datafield>
  <datafield tag="689" ind1="0" ind2=" ">
   <subfield code="5">DE-101</subfield>
  </datafield>
  <datafield tag="689" ind1="1" ind2="0">
   <subfield code="d">s</subfield>
   <subfield code="0">(DE-588)4114333-4</subfield>
   <subfield code="0">(DE-627)105822957</subfield>
   <subfield code="0">(DE-576)209483733</subfield>
   <subfield code="a">Kunst</subfield>
   <subfield code="2">gnd</subfield>
  </datafield>
  <datafield tag="689" ind1="1" ind2="1">
   <subfield code="d">s</subfield>
   <subfield code="0">(DE-588)4066450-8</subfield>
   <subfield code="0">(DE-627)104501383</subfield>
   <subfield code="0">(DE-576)209164646</subfield>
   <subfield code="a">Wirtschaftsgut</subfield>
   <subfield code="2">gnd</subfield>
  </datafield>
  <datafield tag="689" ind1="1" ind2=" ">
   <subfield code="5">(DE-627)</subfield>
  </datafield>
  <datafield tag="689" ind1="2" ind2="0">
   <subfield code="d">s</subfield>
   <subfield code="0">(DE-588)7720580-7</subfield>
   <subfield code="0">(DE-627)637313615</subfield>
   <subfield code="0">(DE-576)332148629</subfield>
   <subfield code="a">Kunstmarkt</subfield>
   <subfield code="g">Motiv</subfield>
   <subfield code="2">gnd</subfield>
  </datafield>
  <datafield tag="689" ind1="2" ind2=" ">
   <subfield code="5">(DE-627)</subfield>
  </datafield>
  <datafield tag="689" ind1="3" ind2="0">
   <subfield code="d">s</subfield>
   <subfield code="0">(DE-588)4033647-5</subfield>
   <subfield code="0">(DE-627)104476397</subfield>
   <subfield code="0">(DE-576)209002956</subfield>
   <subfield code="a">Kunsthandel</subfield>
   <subfield code="2">gnd</subfield>
  </datafield>
  <datafield tag="689" ind1="3" ind2=" ">
   <subfield code="5">(DE-627)</subfield>
  </datafield>
  <datafield tag="776" ind1="1" ind2=" ">
   <subfield code="z">9783775730082</subfield>
  </datafield>
  <datafield tag="776" ind1="0" ind2="8">
   <subfield code="i">Engl. Ausg. u.d.T.</subfield>
   <subfield code="a">Boll, Dirk, 1970 - </subfield>
   <subfield code="t">Art for Sale</subfield>
   <subfield code="b">1., neue Ausg.</subfield>
   <subfield code="d">Ostfildern : Hatje Cantz Verlag, 2011</subfield>
   <subfield code="h">199 S.</subfield>
   <subfield code="w">(DE-627)638019214</subfield>
   <subfield code="w">(DE-576)340018666</subfield>
   <subfield code="z">9783775728157</subfield>
  </datafield>
  <datafield tag="787" ind1="0" ind2="8">
   <subfield code="i">Rezensiert in</subfield>
   <subfield code="a">Seegers, Ulli, 1970 - </subfield>
   <subfield code="t">[Rezension von: Dirk Boll, Kunst ist käuflich. Freie Sicht auf den Kunstmarkt]</subfield>
   <subfield code="d">2012</subfield>
   <subfield code="w">(DE-627)1802222979</subfield>
  </datafield>
  <datafield tag="856" ind1="4" ind2="2">
   <subfield code="u">http://deposit.dnb.de/cgi-bin/dokserv?id=3551483&amp;prov=M&amp;dokvar=1&amp;dokext=htm</subfield>
   <subfield code="m">X:MVB</subfield>
   <subfield code="q">text/html</subfield>
   <subfield code="x">Verlag</subfield>
   <subfield code="3">Inhaltstext</subfield>
  </datafield>
  <datafield tag="856" ind1="4" ind2="2">
   <subfield code="u">http://deposit.dnb.de/cgi-bin/dokserv?id=3551483&amp;prov=M&amp;dok_var=1&amp;dok_ext=htm</subfield>
   <subfield code="m">X:MVB</subfield>
   <subfield code="q">text/html</subfield>
   <subfield code="x">Verlag</subfield>
   <subfield code="3">Inhaltstext</subfield>
  </datafield>
  <datafield tag="856" ind1="4" ind2="2">
   <subfield code="u">https://swbplus.bsz-bw.de/bsz339947896rez.htm</subfield>
   <subfield code="m">B:DE-576;DE-16</subfield>
   <subfield code="q">application/pdf</subfield>
   <subfield code="v">20120523164812</subfield>
   <subfield code="x">Verlag</subfield>
   <subfield code="3">Rezension</subfield>
  </datafield>
  <datafield tag="856" ind1="4" ind2="2">
   <subfield code="u">https://swbplus.bsz-bw.de/bsz340018666inh.htm</subfield>
   <subfield code="m">V:DE-576;B:DE-14</subfield>
   <subfield code="q">application/pdf</subfield>
   <subfield code="v">20140107105648</subfield>
   <subfield code="3">Inhaltsverzeichnis</subfield>
  </datafield>
  <datafield tag="935" ind1=" " ind2=" ">
   <subfield code="i">Blocktest</subfield>
  </datafield>
  <datafield tag="936" ind1="r" ind2="v">
   <subfield code="a">LH 60100</subfield>
   <subfield code="b">Kunsthandel und Kunstmarkt</subfield>
   <subfield code="k">Kunstgeschichte</subfield>
   <subfield code="k">Allgemeines. Allgemeine Kunstgeschichte</subfield>
   <subfield code="k">Bildende Kunst unter wirtschaftlichem Aspekt</subfield>
   <subfield code="k">Kunsthandel und Kunstmarkt</subfield>
   <subfield code="0">(DE-627)127065117X</subfield>
   <subfield code="0">(DE-625)rvk/94169:</subfield>
   <subfield code="0">(DE-576)20065117X</subfield>
  </datafield>
  <datafield tag="936" ind1="r" ind2="v">
   <subfield code="a">QR 560</subfield>
   <subfield code="b">Dienstleistungsgewerbe</subfield>
   <subfield code="k">Wirtschaftswissenschaften</subfield>
   <subfield code="k">Gewerbepolitik. Einzelne Wirtschaftszweige</subfield>
   <subfield code="k">Industrie, Bergbau, Handel, Dienstleistungen, Handwerk</subfield>
   <subfield code="k">Dienstleistungsgewerbe</subfield>
   <subfield code="0">(DE-627)1270879286</subfield>
   <subfield code="0">(DE-625)rvk/142061:</subfield>
   <subfield code="0">(DE-576)200879286</subfield>
  </datafield>
  <datafield tag="936" ind1="b" ind2="k">
   <subfield code="a">20.14</subfield>
   <subfield code="j">Kunsthandel</subfield>
   <subfield code="0">(DE-627)106406302</subfield>
  </datafield>
  <datafield tag="951" ind1=" " ind2=" ">
   <subfield code="a">BO</subfield>
  </datafield>
  <datafield tag="990" ind1=" " ind2=" ">
   <subfield code="a">Kunstmarkt</subfield>
  </datafield>
  <datafield tag="990" ind1=" " ind2=" ">
   <subfield code="a">Kunst</subfield>
  </datafield>
  <datafield tag="990" ind1=" " ind2=" ">
   <subfield code="a">Wirtschaftsgut</subfield>
  </datafield>
  <datafield tag="990" ind1=" " ind2=" ">
   <subfield code="a">Kunstmarkt</subfield>
  </datafield>
  <datafield tag="990" ind1=" " ind2=" ">
   <subfield code="a">Kunsthandel</subfield>
  </datafield>
  <datafield tag="991" ind1=" " ind2=" ">
   <subfield code="a">Rezensiertes Werk</subfield>
  </datafield>
  <datafield tag="999" ind1=" " ind2=" ">
   <subfield code="a">KXP-PPN638019206</subfield>
   <subfield code="e">4163978879</subfield>
  </datafield>
 </record>
</collection>
